|
|
|
|
| LEADER |
00769nab a2200205 i 4500 |
| 001 |
acta78208 |
| 005 |
20230206080839.0 |
| 008 |
230206s2022 hu o 0|| fre d |
| 022 |
|
|
|a 0567-8099
|
| 040 |
|
|
|a SZTE Egyetemi Kiadványok Repozitórium
|b hun
|
| 041 |
|
|
|a fre
|
| 100 |
1 |
|
|a Gefen Alexandre
|
| 245 |
1 |
3 |
|a Le tournant empirique des études littéraires
|h [elektronikus dokumentum] /
|c Gefen Alexandre
|
| 260 |
|
|
|c 2022
|
| 300 |
|
|
|a 11-23
|
| 490 |
0 |
|
|a Acta Universitatis Szegediensis de Attila József Nominatae : acta romanica
|v 33
|
| 650 |
|
4 |
|a Bölcsészettudományok
|
| 650 |
|
4 |
|a Nyelvek és irodalom
|
| 695 |
|
|
|a Irodalomtudomány - francia, Francia irodalom története
|
| 856 |
4 |
0 |
|u http://acta.bibl.u-szeged.hu/78208/1/romanica_033_011-023.pdf
|z Dokumentum-elérés
|